[Event "Qatar Masters Open 2024"]
[Site "Doha QAT"]
[Date "2024.12.10"]
[Round "7.61"]
[White "Tissir, Mohamed"]
[Black "Vivaan Vishal Shah"]
[Result "0-1"]
[WhiteTitle "IM"]
[BlackTitle "CM"]
[WhiteElo "2342"]
[BlackElo "2296"]
[WhiteFideId "9000240"]
[BlackFideId "25184237"]
[EventDate "2024.12.03"]

1. e4 c5 2. Nf3 d6 3. d4 cxd4 4. Nxd4 Nf6 5. Nc3 a6 6. Nb3 e6 7. f4 b5 8. a3 Bb7
9. Bd3 d5 10. e5 Nfd7 11. O-O Nc6 12. Kh1 Qc7 13. Qe2 Nc5 14. Nxc5 Bxc5 15. Bd2
h5 16. Rae1 Nd4 17. Qd1 g6 18. Be3 Nf5 19. Bxc5 Qxc5 20. Bxf5 gxf5 21. Ne2 d4
22. Nxd4 O-O-O 23. c3 h4 24. h3 Rhg8 25. Rf2 Rg3 26. Kh2 Qf8 27. Rg1 Qg7 28. Qf1
Re3 29. Nf3 Qg3+ 30. Kh1 Rdd3 31. a4 bxa4 32. Nh2 Qxh3 33. Re2 Qg3 34. Rxe3 Qxe3
35. Qe1 h3 36. Qxe3 hxg2+ 0-1

[Event "Qatar Masters Open 2024"]
[Site "Doha QAT"]
[Date "2024.12.10"]
[Round "7.62"]
[White "Adireddy, Arjun"]
[Black "Garv, Rai"]
[Result "0-1"]
[WhiteTitle "FM"]
[WhiteElo "2336"]
[BlackElo "2277"]
[WhiteFideId "25647709"]
[BlackFideId "35049593"]
[EventDate "2024.12.03"]

1. e4 e5 2. Nf3 Nc6 3. Bb5 Nf6 4. O-O Nxe4 5. Re1 Nd6 6. Nxe5 Nxe5 7. Rxe5+ Be7
8. Bf1 O-O 9. d4 Bf6 10. Bd3 Bxe5 11. dxe5 Ne8 12. Nc3 d6 13. Qh5 g6 14. Qh6 d5
15. Bg5 Qd7 16. Re1 c6 17. f4 f6 18. exf6 Nxf6 19. f5 Qg7 20. fxg6 hxg6 21. Bxg6
Ng4 22. Qxg7+ Kxg7 23. Bh5 Bf5 24. Re7+ Kg8 25. Ne2 Nf6 26. Bxf6 Rxf6 27. c3 Bg6
28. Bxg6 Rxg6 29. Rxb7 Rg7 30. Rb4 Re8 31. Nf4 Rd7 32. Rd4 Re4 33. Kf2 Rxd4 34.
cxd4 Re7 35. Ne2 Kf7 36. Kf3 Re4 37. h3 Kf6 38. g3 a5 39. b3 Ke6 40. h4 Kf5 41.
g4+ Kf6 42. a3 Kf7 43. b4 a4 44. Nc3 Rxd4 45. Nxa4 Rd3+ 46. Kf4 Rxa3 47. Nc5 Rc3
48. Kf5 Rf3+ 49. Ke5 Re3+ 50. Kf4 Rc3 51. Kf5 Rc4 52. Nd3 Kg7 53. h5 Kh6 54. Ne5
Rc1 55. Nf7+ Kg7 56. Ne5 Rf1+ 57. Ke6 d4 58. g5 Re1 59. h6+ Kg8 60. Kf5 Rxe5+
61. Kxe5 d3 62. Kf6 d2 63. h7+ Kxh7 64. g6+ Kg8 0-1

[Event "Qatar Masters Open 2024"]
[Site "Doha QAT"]
[Date "2024.12.10"]
[Round "7.63"]
[White "Vignesh Advaith Vemula"]
[Black "Baradaran Tamadon, Arian"]
[Result "1-0"]
[BlackTitle "FM"]
[WhiteElo "2276"]
[BlackElo "2334"]
[WhiteFideId "25792059"]
[BlackFideId "12595837"]
[EventDate "2024.12.03"]

1. e4 c5 2. Nf3 a6 3. c3 d5 4. exd5 Qxd5 5. d4 e6 6. Be3 Nd7 7. Nbd2 Ngf6 8. Bc4
Qc6 9. O-O b5 10. Bd3 Bb7 11. c4 b4 12. d5 exd5 13. cxd5 Nxd5 14. Bg5 Bd6 15.
Re1+ Kf8 16. Nc4 Bc7 17. Be4 f6 18. Bf4 Bxf4 19. Na5 Qc7 20. Nxb7 N5b6 21. Nxc5
Nxc5 22. Bxa8 Nxa8 23. Qe2 Qf7 24. Rad1 g5 25. Rd8+ Kg7 26. Rxh8 Kxh8 27. Qe8+
Qxe8 28. Rxe8+ Kg7 29. Rxa8 g4 30. Nd4 Be5 31. Nc6 Bxb2 32. Nxb4 Bc3 33. Nxa6 1-0

[Event "Qatar Masters Open 2024"]
[Site "Doha QAT"]
[Date "2024.12.10"]
[Round "7.64"]
[White "Ankit Ray"]
[Black "Kiolbasa, Oliwia"]
[Result "1-0"]
[WhiteTitle "FM"]
[BlackTitle "IM"]
[WhiteElo "2320"]
[BlackElo "2371"]
[WhiteFideId "25770624"]
[BlackFideId "1154613"]
[EventDate "2024.12.03"]

1. Nf3 d5 2. g3 Nf6 3. Bg2 c5 4. O-O e6 5. d4 cxd4 6. Nxd4 e5 7. Nb3 Be6 8. c4
Nc6 9. cxd5 Nxd5 10. N1d2 Nf6 11. Ne4 Nxe4 12. Bxe4 f5 13. Bxc6+ bxc6 14. Qxd8+
Rxd8 15. Be3 Rd7 16. Rfc1 Bd5 17. Na5 Rc7 18. Nc4 Bxc4 19. Rxc4 Be7 20. Ra4 Kd7
21. Rd1+ Ke6 22. a3 Rb8 23. b4 Rbb7 24. Ra6 g5 25. Rc1 f4 26. Bc5 Bxc5 27. Rxc5
Kd6 28. Kg2 fxg3 29. Kxg3 h5 30. f3 Rb8 31. Rca5 Rbb7 32. b5 Rb6 33. bxc6 Rxa6
34. Rxa6 Kc5 35. Ra5+ Kd4 36. e3+ Kxe3 37. Rxe5+ Kd4 38. Rxg5 Rxc6 39. Rxh5 Rg6+
40. Kf2 Ra6 41. a4 Rg6 42. Rh4+ Ke5 43. Rg4 Rh6 44. Kg3 Kf5 45. h4 Ra6 46. Rg5+
Kf6 47. a5 Rc6 48. Rb5 Kg6 49. Rd5 Kf6 50. Kg4 Kg6 51. h5+ Kf6 52. Rf5+ Kg7 53.
Kg5 a6 54. Rd5 Rc3 55. Rd7+ Kg8 56. f4 Rg3+ 57. Kf5 Ra3 58. h6 Ra1 59. Ra7 1-0

[Event "Qatar Masters Open 2024"]
[Site "Doha QAT"]
[Date "2024.12.10"]
[Round "7.65"]
[White "Wafa, Hamed"]
[Black "Jeet, Jain"]
[Result "0-1"]
[WhiteTitle "IM"]
[BlackTitle "FM"]
[WhiteElo "2359"]
[BlackElo "2301"]
[WhiteFideId "10628452"]
[BlackFideId "5073022"]
[EventDate "2024.12.03"]

1. d4 Nf6 2. Nf3 e6 3. Bf4 c5 4. c3 b6 5. e3 Be7 6. Nbd2 O-O 7. a4 cxd4 8. exd4
d6 9. h3 Ba6 10. Bb5 Bxb5 11. axb5 Nd5 12. Bg3 Nc7 13. Qe2 a6 14. bxa6 Nbxa6 15.
O-O b5 16. Ra5 Qd7 17. Rfa1 Qc6 18. Qe4 Nd5 19. b3 Nac7 20. c4 Rxa5 21. Rxa5 Qb6
22. Ra1 Nf6 23. Qc2 h6 24. Qc3 Ra8 25. Rxa8+ Nxa8 26. cxb5 Qxb5 27. Qc8+ Qe8 28.
Qb7 Qd8 29. Nc4 Nc7 30. Na5 Qd7 31. Nc6 Bf8 32. b4 Ncd5 33. Qa6 Ne4 34. b5 Qc7
35. Qa8 Nec3 36. Qa6 Qb6 37. Qc8 Ne2+ 38. Kh2 Nxg3 39. fxg3 Qxb5 40. Qd7 Qf1 41.
Nd8 Ne3 42. Qxf7+ Kh7 43. Nh4 Qxf7 44. Nxf7 Be7 45. Kg1 Kg8 46. Nxh6+ gxh6 47.
Nf3 Bf6 48. Kf2 Nc2 49. d5 exd5 50. g4 Kf7 51. h4 Nd4 0-1

[Event "Qatar Masters Open 2024"]
[Site "Doha QAT"]
[Date "2024.12.10"]
[Round "7.66"]
[White "Bhagat Kush"]
[Black "Navrotescu, Andreea"]
[Result "1-0"]
[WhiteTitle "FM"]
[BlackTitle "WGM"]
[WhiteElo "2288"]
[BlackElo "2356"]
[WhiteFideId "46672940"]
[BlackFideId "675946"]
[EventDate "2024.12.03"]

1. d4 Nf6 2. c4 e6 3. Nc3 Bb4 4. Nf3 d5 5. Qa4+ Nc6 6. e3 O-O 7. Qc2 a6 8. a3
Bd6 9. c5 Be7 10. b4 Re8 11. Bb2 Bf8 12. b5 Nb8 13. bxa6 bxa6 14. Ne5 Nfd7 15.
f4 f6 16. Nxd7 Nxd7 17. Bd3 g6 18. h4 f5 19. g4 Nf6 20. g5 Ng4 21. Bc1 h5 22.
Rb1 Bd7 23. Bd2 Bc6 24. Na2 Bb5 25. a4 Bxd3 26. Qxd3 Qd7 27. Qc2 Reb8 28. Ke2
Qe8 29. Ba5 Ra7 30. Rxb8 Qxb8 31. Rb1 Qe8 32. Qb3 Rb7 33. Qxb7 Qxa4 34. Qb3 Qxa5
35. Nc3 Bxc5 36. dxc5 Qxc5 37. Nd1 d4 38. Qxe6+ Kg7 39. Qd7+ 1-0

[Event "Qatar Masters Open 2024"]
[Site "Doha QAT"]
[Date "2024.12.10"]
[Round "7.67"]
[White "Socko, Monika"]
[Black "Omar, Noaman"]
[Result "0-1"]
[WhiteTitle "GM"]
[BlackTitle "IM"]
[WhiteElo "2402"]
[BlackElo "2315"]
[WhiteFideId "1106619"]
[BlackFideId "9300244"]
[EventDate "2024.12.03"]

1. e4 c6 2. d4 d5 3. exd5 cxd5 4. Bd3 Nc6 5. c3 e6 6. Nf3 Bd6 7. O-O Nge7 8. Re1
O-O 9. Nbd2 f6 10. c4 Kh8 11. a3 Nf5 12. Bxf5 exf5 13. c5 Bc7 14. b4 a6 15. Bb2
f4 16. Bc3 Rb8 17. Nb3 g5 18. Nfd2 g4 19. Nf1 Ne7 20. Nc1 Ng6 21. g3 Qd7 22. Nd3
Qf5 23. gxf4 Nh4 24. Ng3 Nf3+ 25. Kh1 Qg6 26. Re3 Bf5 27. Ra2 Rbe8 28. Rae2 Be4
29. Nxe4 Qh6 30. Rxf3 gxf3 31. Re1 dxe4 32. Ne5 fxe5 33. d5 Rf5 34. Rxe4 Qh3 35.
Qg1 Rg8 0-1

[Event "Qatar Masters Open 2024"]
[Site "Doha QAT"]
[Date "2024.12.10"]
[Round "7.68"]
[White "Luong Phuong Hanh"]
[Black "Binu, Devdutt"]
[Result "1-0"]
[WhiteTitle "WIM"]
[BlackTitle "CM"]
[WhiteElo "2225"]
[BlackElo "2274"]
[WhiteFideId "12401013"]
[BlackFideId "366108941"]
[EventDate "2024.12.03"]

1. d4 Nf6 2. Nf3 g6 3. Bf4 Bg7 4. e3 O-O 5. h3 d6 6. c3 Nbd7 7. Nbd2 c5 8. Be2
b6 9. O-O Bb7 10. a4 Re8 11. Bh2 Qc7 12. a5 Ne4 13. a6 Bc6 14. Nxe4 Bxe4 15. Ng5
Bd5 16. Bb5 h6 17. dxc5 Qxc5 18. Bxd7 Red8 19. Ne6 Bxe6 20. Bxe6 fxe6 21. Qd3
Kh7 22. Ra4 Qf5 23. Qe2 Rac8 24. Rf4 Qc5 25. Qg4 e5 26. Rf7 Re8 27. f4 exf4 28.
Bxf4 Qc4 29. Bg3 Qxg4 30. hxg4 Kg8 31. R1f3 Bf6 32. R3xf6 exf6 33. Rxf6 Rxe3 34.
Bf2 Kg7 35. Rxd6 Re7 36. Bd4+ Kh7 37. Kh2 g5 38. b4 Rcc7 39. Rd8 Kg6 40. Rf8 Kh7
41. Rh8+ Kg6 42. Rf8 Rcd7 43. Rf6+ Kg7 44. Rc6+ Kf8 45. Kg3 Rd5 46. Rxh6 Ke8 47.
Rh8+ Kf7 48. Rh6 Rdd7 49. Rf6+ Ke8 50. Rf5 Re1 51. Rxg5 Ra1 52. b5 Ra3 53. Kf4
Ra2 54. g3 Rf7+ 55. Ke4 Re2+ 56. Kd5 Rd7+ 57. Kc4 Rg2 58. Kb3 Rxg3 59. Rg8+ Kf7
60. Rg7+ Ke6 61. Rxd7 Kxd7 62. Bxb6 Rxg4 63. Bxa7 Rg8 64. b6 Kc6 65. b7 Kb5 66.
b8=Q+ Rxb8 67. Bxb8 Kxa6 68. Be5 1-0

[Event "Qatar Masters Open 2024"]
[Site "Doha QAT"]
[Date "2024.12.10"]
[Round "7.69"]
[White "Sultan, Ibrahim"]
[Black "Yakubbaeva, Nilufar"]
[Result "1-0"]
[WhiteTitle "IM"]
[BlackTitle "WGM"]
[WhiteElo "2205"]
[BlackElo "2241"]
[WhiteFideId "9301143"]
[BlackFideId "14204487"]
[EventDate "2024.12.03"]

1. Nf3 d5 2. g3 c6 3. Bg2 Bg4 4. h3 Bh5 5. c4 e6 6. O-O Bd6 7. Qb3 Qb6 8. Qc2
Bg6 9. d3 Nd7 10. cxd5 cxd5 11. Be3 Qa6 12. a4 Ne7 13. b4 Bxb4 14. Qb2 Bd6 15.
Qxg7 Rg8 16. Qb2 Nf5 17. Bd2 Qb6 18. Qxb6 Nxb6 19. a5 Nd7 20. g4 Ne7 21. Nc3 a6
22. Rfb1 O-O-O 23. Nd4 Nc5 24. Nb3 Nc6 25. Be3 Nxb3 26. Rxb3 Be5 27. Bb6 Bc7 28.
Rc1 Bxb6 29. Rxb6 Rd7 30. e4 Rgd8 31. f4 f6 32. f5 exf5 33. gxf5 Bf7 34. Nxd5
Rd6 35. Ne7+ Kc7 36. Nxc6 Rxc6 37. Rcxc6+ bxc6 38. Rxa6 Kb7 39. Rb6+ Kc7 40. e5
Bd5 41. exf6 Bxg2 42. Kxg2 Rd5 43. Rb2 Rxa5 44. f7 Ra8 45. Re2 Rf8 46. Re7+ Kd6
47. f6 Kd5 48. Kf3 Kd4 49. Kf4 Kxd3 50. Kg5 c5 51. Kh6 1-0

[Event "Qatar Masters Open 2024"]
[Site "Doha QAT"]
[Date "2024.12.11"]
[Round "8.1"]
[White "Esipenko, Andrey"]
[Black "Sargsyan, Shant"]
[Result "1-0"]
[WhiteTitle "GM"]
[BlackTitle "GM"]
[WhiteElo "2682"]
[BlackElo "2646"]
[WhiteFideId "24175439"]
[BlackFideId "13306766"]
[EventDate "2024.12.03"]

1. e4 e5 2. Nf3 Nc6 3. Bb5 a6 4. Ba4 Nf6 5. d3 b5 6. Bb3 Bc5 7. a4 Rb8 8. axb5
axb5 9. O-O d6 10. h3 h6 11. Be3 Bb6 12. Nc3 O-O 13. Ne2 Ne7 14. Qd2 Bxe3 15.
fxe3 Be6 16. Bxe6 fxe6 17. Ng3 Ng6 18. Ra7 b4 19. Qe1 Qd7 20. Qa1 Qc6 21. Qa4
Qxa4 22. Rxa4 b3 23. c3 Nd7 24. Ra7 Rfc8 25. Kf2 Ne7 26. Ke2 d5 27. Nd2 Rb6 28.
Rfa1 Kf7 29. Ra8 c5 30. R1a7 Rxa8 31. Rxa8 Nc6 32. Ra3 g6 33. Rxb3 c4 34. Rxb6
Nxb6 35. exd5 exd5 36. e4 cxd3+ 37. Kxd3 d4 38. cxd4 exd4 39. b3 Nd7 40. Kc4 Ke6
41. Ne2 Ke5 42. g3 Na5+ 43. Kb4 Nc6+ 44. Kb5 Kd6 45. Nc4+ Kc7 46. Nf4 Na7+ 47.
Ka6 Nc6 48. Ne6+ Kb8 49. Kb5 d3 50. Nd2 Nce5 51. Kb4 g5 52. Nc5 Nf6 53. Kc3 Nh5
54. Nf1 Nf6 55. Kd4 Nf3+ 56. Kxd3 Ng1 57. e5 Ne8 58. Ke4 Nxh3 59. Kf5 h5 60. Ne6
h4 61. g4 Ng1 62. Nxg5 Ne2 63. Nf3 h3 64. g5 Kc7 65. Kg4 Kd7 66. Kxh3 Ke6 67.
Kg4 Nc1 68. N1d2 Nd3 69. g6 Kd5 70. Kf5 Nc5 71. b4 Ne6 72. b5 N6g7+ 73. Kg5 Ne6+
74. Kh6 N8g7 75. Kh7 Nf5 76. Kh8 Ne7 77. g7 Nd8 78. g8=Q+ Nxg8 79. Kxg8 Kc5 80.
Kf8 Kxb5 81. Ke8 Ne6 82. Kd7 Nf4 83. Kd6 Kb4 84. Ne4 Kc4 85. Nf2 Nh5 86. Nh4 Nf4
87. Nh3 Nd5 88. e6 Nb6 89. Kc6 Nd5 90. Nf5 Nf6 91. e7 Kd3 92. Ng5 1-0

[Event "Qatar Masters Open 2024"]
[Site "Doha QAT"]
[Date "2024.12.11"]
[Round "8.2"]
[White "Erigaisi, Arjun"]
[Black "Karthikeyan, Murali"]
[Result "1-0"]
[WhiteTitle "GM"]
[BlackTitle "GM"]
[WhiteElo "2801"]
[BlackElo "2637"]
[WhiteFideId "35009192"]
[BlackFideId "5074452"]
[EventDate "2024.12.03"]

1. d4 Nf6 2. c4 e6 3. Nf3 d5 4. Nc3 h6 5. e3 Be7 6. b3 O-O 7. Bb2 b6 8. Bd3 Bb7
9. O-O Nbd7 10. cxd5 exd5 11. Qc2 a6 12. Ne5 c5 13. Bf5 cxd4 14. exd4 Rc8 15.
Qd3 Rc7 16. Ne2 Bd6 17. Ng3 Re8 18. Rfe1 Nf8 19. Qf3 g6 20. Bd3 h5 21. h3 h4 22.
Nf1 Ne4 23. Ne3 f6 24. N5g4 Kg7 25. Nxd5 Bxd5 26. Bxe4 Bb4 27. Bxd5 Rxe1+ 28.
Rxe1 Bxe1 29. Be4 Bd2 30. d5 Bg5 31. Qd3 Qd6 32. Qxa6 Nd7 33. Qf1 Qf4 34. Qb1
Nf8 35. Ne3 Re7 36. Bf3 Qb4 37. Qa1 Nd7 38. Bc3 Qc5 39. Nc2 Re8 40. Nd4 Nf8 41.
a4 Bf4 42. Nc6 Nd7 43. Bb4 Qc1+ 44. Qxc1 Bxc1 45. Be7 Bf4 46. d6 Rc8 47. b4 Ra8
48. Nd4 Bxd6 49. Bxd6 Rxa4 50. Kf1 Ne5 51. Bxe5 fxe5 52. Nc2 Kf8 53. Ke2 Ke7 54.
Kd3 Kd6 55. Be4 g5 56. Kc4 Ra2 57. Kb3 Ra7 58. Na3 Rf7 59. f3 Kc7 60. Nc4 Rd7
61. Kc3 Re7 62. b5 Re8 63. Bc6 1-0

[Event "Qatar Masters Open 2024"]
[Site "Doha QAT"]
[Date "2024.12.11"]
[Round "8.3"]
[White "Paravyan, David"]
[Black "Abdusattorov, Nodirbek"]
[Result "0-1"]
[WhiteTitle "GM"]
[BlackTitle "GM"]
[WhiteElo "2620"]
[BlackElo "2777"]
[WhiteFideId "4194985"]
[BlackFideId "14204118"]
[EventDate "2024.12.03"]

1. e4 e5 2. Nf3 d6 3. d4 exd4 4. Nxd4 Nf6 5. Nc3 Be7 6. g3 O-O 7. Bg2 Re8 8. O-O
Bf8 9. Bf4 Nbd7 10. a4 a5 11. Ndb5 h6 12. h3 Ra6 13. Re1 Ne5 14. Nd5 Nxd5 15.
exd5 Bd7 16. c4 Ra8 17. Bxe5 dxe5 18. d6 Bxb5 19. axb5 Rb8 20. c5 cxd6 21. c6
bxc6 22. Bxc6 Re6 23. Qd5 Be7 24. Ra4 Rf6 25. Kg2 Qc8 26. Rxa5 Bd8 27. Ra3 Qe6
28. Qxe6 fxe6 29. f4 Bb6 30. Rf3 Bd4 31. fxe5 Bxe5 32. Rxf6 gxf6 33. Ra1 Bd4 34.
Ra4 Bb6 35. Re4 Kf7 36. Bd7 e5 37. Rc4 Ke7 38. Bf5 Bd8 39. Ra4 Rb7 40. Ra6 Bb6
41. Ra8 d5 42. Rh8 Kd6 43. Rxh6 Bd8 44. Rh8 Be7 45. h4 Rxb5 46. h5 Rxb2+ 47. Kh3
Rf2 48. Kg4 e4 49. h6 e3 50. Ra8 e2 51. Ra6+ Kc5 52. Re6 Bd6 53. Re3 d4 54. Re8
Be5 55. Rc8+ Kb4 56. Rc1 Rf1 0-1

[Event "Qatar Masters Open 2024"]
[Site "Doha QAT"]
[Date "2024.12.11"]
[Round "8.4"]
[White "Abdisalimov, Abdimalik"]
[Black "Artemiev, Vladislav"]
[Result "1/2-1/2"]
[WhiteTitle "GM"]
[BlackTitle "GM"]
[WhiteElo "2536"]
[BlackElo "2701"]
[WhiteFideId "14206323"]
[BlackFideId "24101605"]
[EventDate "2024.12.03"]

1. e4 c6 2. Nf3 d5 3. Nc3 Bg4 4. h3 Bxf3 5. Qxf3 e6 6. Be2 Bc5 7. Qg3 Bd4 8.
exd5 exd5 9. O-O Nd7 10. Bd1 Ne7 11. Ne2 Be5 12. Qf3 O-O 13. d4 Bc7 14. c3 Ng6
15. Bc2 Re8 16. Ng3 Qf6 17. Nf5 Nh4 18. Nxh4 Qxh4 19. g3 Qe7 20. Bd3 g6 21. Bd2
Qf6 22. Qg2 Nb6 23. b3 Nc8 24. f4 Nd6 25. f5 Qe7 26. Rae1 Qd7 27. g4 Rxe1 28.
Rxe1 Re8 29. Qf3 Rxe1+ 30. Bxe1 Qe7 31. Bg3 Ne8 32. Bf2 Qd6 33. c4 Nf6 34. Kf1
g5 35. h4 Qf4 36. Qxf4 Bxf4 37. hxg5 Bxg5 38. Be2 Ne4 39. cxd5 1/2-1/2

[Event "Qatar Masters Open 2024"]
[Site "Doha QAT"]
[Date "2024.12.11"]
[Round "8.5"]
[White "Yakubboev, Nodirbek"]
[Black "Idani, Pouya"]
[Result "1/2-1/2"]
[WhiteTitle "GM"]
[BlackTitle "GM"]
[WhiteElo "2668"]
[BlackElo "2603"]
[WhiteFideId "14203987"]
[BlackFideId "12510130"]
[EventDate "2024.12.03"]

1. e4 c5 2. Nc3 d6 3. Bb5+ Bd7 4. Bxd7+ Qxd7 5. Nge2 Nc6 6. d4 cxd4 7. Nxd4 Nf6
8. b3 Qg4 9. Qxg4 Nxg4 10. Nde2 Nb4 11. f3 Nf6 12. Kd2 e6 13. Nb5 Rc8 14. c4 a6
15. Nbd4 g6 16. a3 Bh6+ 17. Kc3 Bxc1 18. Rhxc1 Nc6 19. b4 Ke7 20. Nxc6+ Rxc6 21.
h4 h6 22. Kb3 g5 23. hxg5 hxg5 24. Nd4 Rc7 25. c5 dxc5 26. Rxc5 Rxc5 27. bxc5
Rc8 28. Kb4 Nd7 29. Nb3 Ne5 30. Rd1 Nc6+ 31. Ka4 Rc7 32. g3 Rd7 33. Rxd7+ Kxd7
34. Na5 Nxa5 35. Kxa5 Kc6 36. Kb4 f6 37. Kc4 Kc7 38. f4 gxf4 39. gxf4 Kc6 40.
Kb4 b6 41. cxb6 Kxb6 42. Kc4 Kc6 43. Kb4 Kb6 1/2-1/2

[Event "Qatar Masters Open 2024"]
[Site "Doha QAT"]
[Date "2024.12.11"]
[Round "8.6"]
[White "Lodici, Lorenzo"]
[Black "Mendonca, Leon Luke"]
[Result "0-1"]
[WhiteTitle "GM"]
[BlackTitle "GM"]
[WhiteElo "2564"]
[BlackElo "2642"]
[WhiteFideId "884189"]
[BlackFideId "35028561"]
[EventDate "2024.12.03"]

1. e4 c5 2. Nf3 d6 3. d4 cxd4 4. Nxd4 Nf6 5. Nc3 a6 6. f4 e5 7. Nf5 Nc6 8. Bc4
Be6 9. Bb3 Na5 10. Ba4+ b5 11. Nxb5 axb5 12. Bxb5+ Bd7 13. Nxd6+ Bxd6 14. Qxd6
Qe7 15. Qxe7+ Kxe7 16. Bd3 Nc6 17. g3 Rhb8 18. b3 Nb4 19. fxe5 Ng4 20. Bb2 Bb5
21. h3 Bxd3 22. cxd3 Nc2+ 23. Ke2 Nxa1 24. Rxa1 Rc8 25. Bd4 Nh2 26. a4 Rc2+ 27.
Ke3 Rg2 28. a5 Rxg3+ 29. Ke2 Nf3 30. Be3 Rxh3 31. d4 g5 32. b4 g4 33. Kf2 h5 34.
b5 Rh2+ 35. Kg3 Rb2 36. Rh1 Rxa5 37. Rxh5 Ra3 38. Kf4 Re2 0-1

[Event "Qatar Masters Open 2024"]
[Site "Doha QAT"]
[Date "2024.12.11"]
[Round "8.7"]
[White "Salem, A.R. Saleh"]
[Black "Madaminov, Mukhiddin"]
[Result "1-0"]
[WhiteTitle "GM"]
[BlackTitle "GM"]
[WhiteElo "2622"]
[BlackElo "2501"]
[WhiteFideId "9301348"]
[BlackFideId "14210703"]
[EventDate "2024.12.03"]

1. d4 d5 2. c4 c5 3. cxd5 Nf6 4. e4 Nxe4 5. dxc5 Qa5+ 6. Bd2 Nxd2 7. Qxd2 Qxd2+
8. Nxd2 g6 9. Rc1 Bh6 10. Bb5+ Nd7 11. c6 bxc6 12. dxc6 Nb6 13. Ngf3 O-O 14. O-O
a6 15. Be2 Bg4 16. Rc2 Bf5 17. Rc5 Na4 18. Re5 Ra7 19. Nc4 Rb8 20. Nd4 Bg7 21.
Ra5 Bxd4 22. Rxa4 Bxb2 23. Ne3 a5 24. Nxf5 gxf5 25. Rd1 Be5 26. Rd5 Rb1+ 27. Bf1
f6 28. g3 Kf7 29. Kg2 Rc1 30. Bb5 e6 31. Rd8 Rc5 32. Rh4 Kg7 33. a4 Re7 34. Ra8
Bc3 35. Rb8 Be5 36. Ra8 Bc3 37. Kf1 e5 38. Rc4 Rxc4 39. Bxc4 f4 40. Be6 f3 41.
Rg8+ Kh6 42. Bf5 e4 43. Rg4 Re5 44. Rh4+ Kg5 45. Bxe4 Rc5 46. Bxf3 Kg6 47. Be4+
f5 48. Bxf5+ 1-0

[Event "Qatar Masters Open 2024"]
[Site "Doha QAT"]
[Date "2024.12.11"]
[Round "8.8"]
[White "Tabatabaei, M. Amin"]
[Black "Fawzy, Adham"]
[Result "1-0"]
[WhiteTitle "GM"]
[BlackTitle "GM"]
[WhiteElo "2695"]
[BlackElo "2493"]
[WhiteFideId "12521213"]
[BlackFideId "10613129"]
[EventDate "2024.12.03"]

1. e4 c5 2. Nf3 Nc6 3. Bb5 g6 4. O-O Bg7 5. Re1 Nf6 6. e5 Nd5 7. Nc3 Nc7 8. Bxc6
dxc6 9. d3 Bg4 10. h3 Bxf3 11. Qxf3 Ne6 12. Bf4 O-O 13. h4 f6 14. Qg3 Qd7 15.
Qh3 f5 16. Ne2 Qd5 17. Qe3 Rad8 18. b3 Nd4 19. Rac1 Qe6 20. Ng3 Qd5 21. h5 Ne6
22. Ne2 b6 23. Rcd1 Nd4 24. Rd2 Nxe2+ 25. Rexe2 Qe6 26. h6 Bh8 27. d4 cxd4 28.
Rxd4 c5 29. Rd3 Kf7 30. c4 a6 31. Bg5 f4 32. Qxf4+ Kg8 33. Qd2 Rxd3 34. Qxd3 Rf5
35. f4 Rxg5 36. fxg5 Bxe5 37. Qe4 1-0

[Event "Qatar Masters Open 2024"]
[Site "Doha QAT"]
[Date "2024.12.11"]
[Round "8.9"]
[White "Vokhidov, Shamsiddin"]
[Black "Xu, Zhihang"]
[Result "1-0"]
[WhiteTitle "GM"]
[BlackTitle "IM"]
[WhiteElo "2681"]
[BlackElo "2511"]
[WhiteFideId "14204223"]
[BlackFideId "8611572"]
[EventDate "2024.12.03"]

1. e4 e5 2. Nf3 Nc6 3. Bb5 a6 4. Ba4 Nf6 5. O-O Be7 6. d3 b5 7. Bb3 d6 8. c3 O-O
9. h3 Na5 10. Bc2 c5 11. d4 Qc7 12. d5 Bd7 13. b3 c4 14. Ba3 Rfe8 15. Nxe5 dxe5
16. Bxe7 Bg4 17. hxg4 Qxe7 18. g5 Nd7 19. Qg4 Rec8 20. b4 Nb7 21. a4 f6 22. Qe6+
Qxe6 23. dxe6 Nf8 24. e7 Ne6 25. gxf6 gxf6 26. Na3 Kf7 27. axb5 Kxe7 28. bxa6
Rxa6 29. Nb5 Rca8 30. Rxa6 Rxa6 31. Rd1 Rb6 32. Na7 Ra6 33. Nc8+ Ke8 34. Rd2 Ra3
35. Nb6 Rxc3 36. Nd5 Ra3 37. Nxf6+ Ke7 38. Nd5+ Kf8 39. Ne3 1-0

[Event "Qatar Masters Open 2024"]
[Site "Doha QAT"]
[Date "2024.12.11"]
[Round "8.10"]
[White "Adhiban, Baskaran"]
[Black "Nihal, Sarin"]
[Result "0-1"]
[WhiteTitle "GM"]
[BlackTitle "GM"]
[WhiteElo "2535"]
[BlackElo "2676"]
[WhiteFideId "5018471"]
[BlackFideId "25092340"]
[EventDate "2024.12.03"]

1. e4 Nc6 2. Nf3 d6 3. d4 Nf6 4. Nc3 g6 5. Be2 Bg7 6. O-O O-O 7. d5 Nb8 8. Re1
c6 9. a4 a5 10. h3 Na6 11. Bg5 Nd7 12. Qd2 Re8 13. Bh6 Bh8 14. Qf4 Ne5 15. Rad1
Qb6 16. Qc1 Nc5 17. Be3 Nxf3+ 18. Bxf3 Bd7 19. h4 Qb4 20. e5 Bxe5 21. Bxc5 Qxc5
22. Rxe5 dxe5 23. Ne4 Qb6 24. Qh6 cxd5 25. Ng5 Qf6 26. Bxd5 e6 27. Bxb7 Rad8 28.
Ne4 Qe7 29. Qg5 Qxg5 30. hxg5 Bc8 31. Rxd8 Rxd8 32. Bc6 Rd1+ 33. Kh2 Kf8 34. c4
Bd7 35. Bb5 Bxb5 36. cxb5 Rb1 37. Nd2 Rxb2 38. Nc4 Rb4 39. Nxa5 Rh4+ 40. Kg3
Rxa4 41. Nc6 Ra3+ 42. Kh4 Rb3 43. Nxe5 Rxb5 44. Ng4 Rf5 45. g3 h5 0-1

[Event "Qatar Masters Open 2024"]
[Site "Doha QAT"]
[Date "2024.12.11"]
[Round "8.11"]
[White "Ivanchuk, Vasyl"]
[Black "Chanda, Sandipan"]
[Result "1/2-1/2"]
[WhiteTitle "GM"]
[BlackTitle "GM"]
[WhiteElo "2630"]
[BlackElo "2480"]
[WhiteFideId "14100010"]
[BlackFideId "5004225"]
[EventDate "2024.12.03"]

1. Nf3 f5 2. d4 Nf6 3. g3 g6 4. Bg2 Bg7 5. c4 O-O 6. O-O e6 7. Nc3 d5 8. Bg5 c6
9. Qc1 Nbd7 10. Rd1 Qe8 11. cxd5 exd5 12. Bh6 Bxh6 13. Qxh6 Ne4 14. Rac1 Ndf6
15. Ne5 Ng4 16. Nxg4 Nxc3 17. bxc3 fxg4 18. f3 Bf5 19. Qd2 Qd7 20. Rf1 Rae8 21.
Rce1 Rf7 22. fxg4 Bxg4 23. Rxf7 Qxf7 24. e4 dxe4 25. Rxe4 Rxe4 26. Bxe4 Be6 27.
a3 Bd5 28. Bxd5 Qxd5 29. Qf4 Qb3 30. Qb8+ Kg7 31. Qxa7 Qd1+ 32. Kg2 Qe2+ 33. Kg1
Qe1+ 1/2-1/2